000
00285 a2200133 4500
245
_a
Business statistics in practice
_h
Text
020
_a
9780071220651
100
_a
Bowerman
100
_a
Murphee
100
_a
O'Connell
650
_a
Statistics
005
20191021095936.0
260
_c
2011
084
_a
NONE
999
_c
12871
_d
12871